000 00599nam a2200181 i 4500
001 158717
003 ES-MaACL
005 20230906211300.0
008 040906s1867 fr |||| | fre d
040 _aCAM
_bspa
_cCAM
100 1 _aMarcy, Pierre.
_9129472
245 1 0 _aGuide populaire dans les musées du Louvre /
_cpar Pierre Marcy.
260 _aParis :
_bLibrairie du Petit Journal,
_c1867 (
_eClychy :
_fImprimerir Maurice Loignon et cie)
300 _a180 p. ;
_c18 cm.
651 2 4 _aMusée du Louvre-
_vGuías.
_9223013
852 _aES-MaACL
_jC-285
_z-- Enc. hol.
999 _c158717
_d158717